Analýza presnosti tenzometrického merania mechanického namáhania. /

Na minha lista:
Detalhes bibliográficos
Autor principal: Jakubík, Viktor (Author)
Formato: Manuscrito Livro
Publicado em: Bratislava : SVŠT v Bratislave SjF, 1981
Tags: Adicionar Tag
Sem tags, seja o primeiro a adicionar uma tag!

MARC

LEADER 00000ntm a22000003a 4500
001 stu47769
005 20150617225712.5
008 ------s1981----cs----------------------d
040 |a STU  |b slo 
041 0
044 |a cs 
080 |a 621.317.29 
080 |a 531.781.2 
100 1 |a Jakubík, Viktor  |4 aut  |u M  |T MTF Materiálovotechnologická fakulta  |U M  |Y 60 
245 1 |a Analýza presnosti tenzometrického merania mechanického namáhania. /  |c [aut.] Jakubík,V 
260 |a Bratislava :  |b SVŠT v Bratislave SjF,  |c 1981 
300 |a 77 s 
996 |b J66889  |c J*66889/DIZ.  |l JJSK  |s A  |a 24  |w stu47769_0001